00361nam a2200145Ia 4500008004100000020001500041041001200056082001600068100001400084245005300098260002500151300000800176650001600184700001500200221030s9999 xx 000 0 und d a0074623532 aEnglish a105.23bKum aRam Kumar 0aProgramming in ANSI Ccby Ram Kumar, R. Agrawal bTMHaNew Delhic2000 a452 aBE Computer aR. Agrawal